| 000 | 01497nam0a2200373 4500 | ||
|---|---|---|---|
| 001 | RU\NLR\BIBL_A\022461873 | ||
| 005 | 20250312184046.0 | ||
| 010 |
_a978-5-04-209106-3 _93000 |
||
| 021 |
_aRU _bАЛ-П-24-01213и _9АЛ-П-24-0253 |
||
| 035 | _a(NLR Aleph) 022461873 | ||
| 090 |
_a13364371 _c13364371 |
||
| 100 | _a20250219d2024 u y0rusy50 ca | ||
| 101 | 1 |
_arus _cjpn |
|
| 102 | _aRU | ||
| 105 | _aa z 000yy | ||
| 181 | 0 |
_ab3 _bbb2e |
|
| 181 | 0 |
_ai2 _baxxe |
|
| 182 | 0 | _an | |
| 200 | 1 |
_aАртбук Ёсиды Сэйдзи _eколлекция секретов японского художника _e[перевод с японского _fСэйдзи Ёсида] |
|
| 203 |
_aИзображение _aТекст _bвизуальные _cнепосредственные |
||
| 210 |
_aМосква _cЭксмо, Бомбора _d2024 |
||
| 215 |
_a159, [1] с. _cцв. ил. _d26 |
||
| 225 | 1 |
_aАзиатские артбуки _iКоллекция из Китая, Японии и Кореи |
|
| 300 | _aНа обл. только загл. на яп. яз. | ||
| 300 | _aАвт. указан в вып. дан. | ||
| 333 | _a12+ | ||
| 600 | 1 |
_aЁсида _bС. _gСэйдзи _92664155 _3RU\NLR\AUTH\6601752182 |
|
| 686 | 1 | _aЩ143(5Я)6 | |
| 700 | 1 |
_7ca _8rus _aЁсида _bС. _gСэйдзи _92649811 _3RU\NLR\AUTH\770277844 |
|
| 942 | _cBOOK | ||
| 980 | _aNB | ||